Sets of Three VI Quiz Stats

 Plays Quiz Updated Mar 10, 2016

Also try: Sets of Three V
Challenge
Share
Tweet
Embed
Score 0/30 Timer 04:00
7 Plays Today
% Correct
Beers
89.5%
Political Parties
87.7%
Accounting Terms
87.2%
Clue Weapons
87.1%
Reds
85.5%
Amphibians
83.4%
South African Capitals
83.2%
NHL Teams
81.5%
Disney Princesses
81.5%
British Monarchs
80.5%
Units of Length
78.1%
Couches
76.5%
Canadian Islands
76.4%
Looney Tunes
74.4%
Dimensions
73.9%
% Correct
Little Rascals
71.9%
Hitchcock Films
68%
Coaches
67.4%
Mouseketeers
66.7%
Musketeers
64.9%
Fodder
64.3%
Normandy Beaches
64.3%
Winter Olympic Host Cities
61.8%
African Great Lakes
61.2%
Muses
55.2%
Oceanic Countries
54.4%
Tony Winning Musicals
52.4%
Dwarf Planets
48%
Roman Hills
40.4%
Amazon Tributaries
35.5%

You're not logged in!

Compare scores with friends on all Sporcle quizzes.
OR
Log In

You Might Also Like...

Show Comments

Extras

Top Quizzes Today


Score Distribution

Your Account Isn't Verified!

In order to create a playlist on Sporcle, you need to verify the email address you used during registration. Go to your Sporcle Settings to finish the process.

Report this User

Report this user for behavior that violates our Community Guidelines.

Details: